Statystyki dla QUIZ ROZPOZNAJ FLAGĘ

Kliknij tutaj aby rozwiązać quiz!

Ogólne statystyki

  • Ten quiz został rozwiązany 21 razy
  • Średni wynik to 4 z 7

Statystyki odpowiedzi

ZagadnienieOdpowiedź% Poprawnych
HOLANDIA
100%
NIGER
95%
IRAN
95%
IRLANDIA
74%
LIBERIA
21%
JEMEN
16%
ZIMBABWE
5%

Rozkład punktacji

Percentyl według liczby udzielonych odpowiedzi

Procent ludzi z każdym wynikiem

Twoja historia wyników

Nie rozwiązałeś tego quizu